[Обзор работ по сельскохозяйственной метеорологии и по вопросам с ней связанным. [Ч. 1: Отношение почвы к метеорологическим факторам (Запись № 6293731)

Подробности
000 -МАРКЕР
контрольное поле 01355nam2a22002891 4500
001 - ИДЕНТИФИКАТОР ЗАПИСИ
контрольное поле v19\rc\1901640
005 - ИДЕНТИФИКАТОР ВЕРСИИ
контрольное поле 20251118180519.7
035 ## - ДРУГИЕ СИСТЕМНЫЕ НОМЕРА
Идентификатор записи (NLR Aleph) 004991780
100 ## - ДАННЫЕ ОБЩЕЙ ОБРАБОТКИ
Данные общей обработки 20080404d1911 u y0rusy50 ca
101 0# - ЯЗЫК РЕСУРСА
Язык текста, звукозаписи и т.д. русский
102 ## - СТРАНА ПУБЛИКАЦИИ ИЛИ ПРОИЗВОДСТВА
Страна публикации Российская Федерация
105 ## - ПОЛЕ КОДИРОВАННЫХ ДАННЫХ: ТЕКСТОВЫЕ МАТЕРИАЛЫ, МОНОГРАФИЧЕСКИЕ
Кодированные данные о монографическом текстовом документе y z |||||
200 1# - ЗАГЛАВИЕ И СВЕДЕНИЯ ОБ ОТВЕТСТВЕННОСТИ
Основное заглавие Отношение почвы к метеорологическим факторам
Сведения, относящиеся к заглавию Гл. 1 и 2]
210 ## - ПУБЛИКАЦИЯ, РАСПРОСТРАНЕНИЕ И ДР.
Дата издания, распространения и т.д. 1911
215 ## - ФИЗИЧЕСКАЯ ХАРАКТЕРИСТИКА
Специфическое обозначение материала и объем XII, 104 с.
225 1# - СЕРИЯ
Основное заглавие серии ...
Обозначение тома Вып. 8
300 ## - ОБЩИЕ ПРИМЕЧАНИЯ
Текст примечания На обороте тит. л. перевод его на нем. яз.
461 #0 - УРОВЕНЬ НАБОРА
Встроенное поле 001v19\rc\1901639
-- 2001#$a[Обзор работ по сельскохозяйственной метеорологии и по вопросам с ней связанным$eЧ. 1-]$fЭ.Г. Лоске$v[Ч. 1
-- 700#1$aЛоске$bЭ.Г.
Системный номер (АБИС) связанной записи 6293721
Автор Лоске, Э.Г.
Место публикации Санкт-Петербург
Дата публикации 1911-1917
Первые сведения об ответственности Э.Г. Лоске
Имя издателя, распространителя и т.д. тип. В. Киршбаума (отд-ние)
Сведения, относящиеся к заглавию Ч. 1-]
Физическая характеристика 4 т.
Заглавие [Обзор работ по сельскохозяйственной метеорологии и по вопросам с ней связанным
Номер тома [Ч. 1
801 #0 - ИСТОЧНИК ЗАПИСИ
Страна Российская Федерация
Организация NLR
Правила каталогизации psbo
801 #0 - ИСТОЧНИК ЗАПИСИ
Страна Российская Федерация
Организация RuMoRGB
Источник данных psbo
801 #1 - ИСТОЧНИК ЗАПИСИ
Страна Российская Федерация
Организация ProSoft-M
Источник данных rusmarc
852 ## - МЕСТОНАХОЖДЕНИЕ И ШИФР ХРАНЕНИЯ
Идентификатор организации NLR
Шифр хранения (Call Number) 17.131.1.3
899 ## - ДАННЫЕ О МЕСТОНАХОЖДЕНИИ (устаревшее)
Местонахождение RuMoRGB
899 ## - ДАННЫЕ О МЕСТОНАХОЖДЕНИИ (устаревшее)
Местонахождение НБ МГУ
942 ## - ДОПОЛНИТЕЛЬНЫЕ ЭЛЕМЕНТЫ ЗАПИСИ (АБИС)
Тип экземпляра АБИС Книга
980 ## - КОЛЛЕКЦИЯ
Название коллекции Национальная библиография
Экземпляры
Тип экземпляра Дата поступления Библиотека постоянного хранения Библиотека текущего хранения Место хранения Шифр хранения Штрих-код Статус экземпляра
Книга 26.10.2013 РНБ (Московский) РНБ (Московский) Неопределен, для заказа не доступен, в ЭК виден   4991780-20  
Книга 26.10.2013 РНБ (Московский) РНБ (Московский) Неопределен, для заказа не доступен, в ЭК виден   4991780-30  
Книга 26.10.2013 РНБ (Садовая) РНБ (Садовая) Русский книжный фонд -Главное здание, Ленинский читальный зал 17.131.1.3 4991780-10